000 00583nam a2200181Ia 4500
008 090630s9999 xx 000 0 und d
082 _b19059
100 _aकेळकर न. चि.
245 _aआयर्लंडचा इतिहास.
_cकेळकर न. चि.
260 _b---
_c1909
300 _a114
600 _aकेळकर न. चि.
630 _aआयर्लंडचा इतिहास.
655 _aइतर.
700 _aकेळकर न. चि.
730 _aआयर्लंडचा इतिहास.
942 _cBOOK
999 _c270915
_d270915